| 000 | 00681nam 22002173 4500 | ||
|---|---|---|---|
| 001 | 201037 | ||
| 090 | _a201037 | ||
| 100 | _a20260306d u||y0pory50 ba | ||
| 200 |
_aIntrodução à história _fMarc Bloch _gtradução de Maria Manuel Miguel, Rui Grácio |
||
| 210 |
_aMem Martins _cEuropa-América _d[19--?] |
||
| 215 |
_a379, [7] p. _cbrochado _d18 cm |
||
| 225 |
_aSaber _v59 |
||
| 606 |
_95483 _aCiência da História _xHistoriografia |
||
| 610 | _aHistória -- teoria | ||
| 675 |
_a930 _vPT _zpor |
||
| 700 |
_95779 _aBloch _bMarc |
||
| 702 |
_916705 _aMiguel _bMaria Manuel |
||
| 702 |
_916706 _aGrácio _bRui |
||
| 801 |
_aPT _bBMMN _gRPC |
||
| 830 |
_cAna Falardo _fAna Falardo |
||
| 990 | _cLIVROS | ||